[Event "IX Floripa Chess Open Fort Atacadista"]
[Site "Florianópolis - Santa Catari"]
[Date "2023.01.28"]
[Round "9.74"]
[White "Pertuzatti, Daniel"]
[Black "Mayeregger Gonzalez, Renata"]
[Result "0-1"]
[WhiteElo "1973"]
[BlackElo "1543"]
[PlyCount "34"]
[EventDate "2023.01.23"]
[EventRounds "10"]
[EventCountry "BRA"]

1. f4 d5 2. Nf3 Nf6 3. e3 e6 4. Be2 Bd6 5. O-O c5 6. b3 Nc6 7. Bb2 O-O 8. Qe1
Be7 9. Qg3 d4 10. Na3 Ne4 11. Qe1 Na5 12. exd4 cxd4 13. Nc4 Bf6 14. Nce5 Nc6
15. a3 Qb6 16. Nxc6 bxc6 17. Bd3 Nd6 0-1

[Event "IX Floripa Chess Open Fort Atacadista"]
[Site "Florianópolis - Santa Catari"]
[Date "2023.01.28"]
[Round "9.75"]
[White "Custodio, Leandro"]
[Black "Calcada, Henrique Galvan"]
[Result "1/2-1/2"]
[WhiteElo "1964"]
[BlackElo "1469"]
[PlyCount "60"]
[EventDate "2023.01.23"]
[EventRounds "10"]
[EventCountry "BRA"]

1. Nf3 d5 2. b3 Bf5 3. Bb2 e6 4. e3 Nf6 5. d4 Nbd7 6. Bd3 Bg6 7. O-O Bd6 8. Ne5
c6 9. f4 Ne4 10. Nd2 Nxd2 11. Qxd2 Bxd3 12. cxd3 f6 13. Nf3 Qe7 14. e4 O-O 15.
Kh1 Bb4 16. Qf2 Qf7 17. Qh4 Qg6 18. a3 Be7 19. Ne5 fxe5 20. Qxe7 Rf7 21. Qd6
exf4 22. Rxf4 Rxf4 23. Qxf4 Rf8 24. Qc7 Rf2 25. Rg1 Nf8 26. Bc3 dxe4 27. dxe4
Qxe4 28. Qxb7 Rxg2 29. Rxg2 Qb1+ 30. Rg1 Qe4+ 1/2-1/2

[Event "IX Floripa Chess Open Fort Atacadista"]
[Site "Florianópolis - Santa Catari"]
[Date "2023.01.28"]
[Round "9.76"]
[White "Ribeiro, Davison Soares"]
[Black "Gazola, Vanessa Ramos"]
[Result "1/2-1/2"]
[WhiteElo "1800"]
[BlackElo "1949"]
[PlyCount "55"]
[EventDate "2023.01.23"]
[EventRounds "10"]
[EventCountry "BRA"]

1. c4 e6 2. g3 Nf6 3. Bg2 d5 4. d4 Be7 5. Nf3 O-O 6. O-O dxc4 7. Ne5 Nc6 8.
Bxc6 bxc6 9. Nxc6 Qe8 10. Nxe7+ Qxe7 11. Qc2 e5 12. dxe5 Qxe5 13. Bf4 Qh5 14.
f3 Qc5+ 15. Rf2 Nd5 16. Bd2 Re8 17. e4 Nb4 18. Bxb4 Qxb4 19. Nd2 Ba6 20. Rc1 f5
21. b3 cxb3 22. Qxb3+ Qxb3 23. Nxb3 fxe4 24. fxe4 Re7 25. Rfc2 Bd3 26. Rxc7
Rxc7 27. Rxc7 Bxe4 28. Nc5 1/2-1/2

[Event "IX Floripa Chess Open Fort Atacadista"]
[Site "Florianópolis - Santa Catari"]
[Date "2023.01.28"]
[Round "9.77"]
[White "Casalaspro, Mathias Andre"]
[Black "De Borba, Gabriel"]
[Result "0-1"]
[WhiteElo "1806"]
[BlackElo "2191"]
[PlyCount "54"]
[EventDate "2023.01.23"]
[EventRounds "10"]
[EventCountry "BRA"]

1. e4 d6 2. d4 Nf6 3. Nc3 c6 4. f4 Qa5 5. Bd3 e5 6. Nf3 Nbd7 7. O-O Be7 8. Kh1
O-O 9. dxe5 dxe5 10. f5 b5 11. Qe2 Bb7 12. g4 g6 13. g5 Nh5 14. f6 Bd6 15. Qg2
Nc5 16. Ne2 Ne6 17. c4 Rfd8 18. Be3 Bc5 19. Bxc5 Rxd3 20. b4 Qc7 21. Be7 bxc4
22. Rac1 Ba6 23. Ng3 Nhf4 24. Qb2 Nd4 25. Rc3 Nxf3 26. Rxf3 Qd7 27. Qc2 Rd2 0-1

[Event "IX Floripa Chess Open Fort Atacadista"]
[Site "Florianópolis - Santa Catari"]
[Date "2023.01.28"]
[Round "9.79"]
[White "Becker, Rogerio Sperb"]
[Black "Boabaid, Jorge Alberto Duard"]
[Result "1-0"]
[WhiteElo "2128"]
[BlackElo "1822"]
[PlyCount "93"]
[EventDate "2023.01.23"]
[EventRounds "10"]
[EventCountry "BRA"]

1. c4 Nf6 2. g3 e6 3. Bg2 d5 4. Nf3 c5 5. O-O Be7 6. d4 O-O 7. cxd5 exd5 8. Nc3
Nc6 9. b3 Be6 10. Bb2 Qa5 11. dxc5 Rad8 12. Na4 Ne4 13. Nd4 Nxc5 14. Nxc5 Bxc5
15. a3 Qb6 16. Nxc6 bxc6 17. Rc1 Rfe8 18. b4 Bd6 19. Qc2 Bg4 20. e3 Bd7 21. Bd4
Qb8 22. Qc3 Be5 23. Bxe5 Qxe5 24. Qxe5 Rxe5 25. Rc5 Re7 26. Rd1 f5 27. b5 cxb5
28. Rcxd5 Kf8 29. Rxb5 Bxb5 30. Rxd8+ Kf7 31. Bf1 Bd7 32. Bc4+ Kf6 33. Kf1 Ke5
34. Ke2 Kd6 35. Bb5 Kc7 36. Rxd7+ Rxd7 37. Bxd7 Kxd7 38. Kd3 Kc6 39. Kc4 Kb6
40. f3 g5 41. g4 fxg4 42. fxg4 Kc6 43. e4 Kd6 44. Kd4 Ke6 45. e5 a6 46. Ke4 Ke7
47. Kf5 1-0

[Event "IX Floripa Chess Open Fort Atacadista"]
[Site "Florianópolis - Santa Catari"]
[Date "2023.01.28"]
[Round "9.80"]
[White "Silveira, Leonardo Eleuterio "]
[Black "Gatelli, Jacson Henrique"]
[Result "1/2-1/2"]
[WhiteElo "2124"]
[BlackElo "1820"]
[PlyCount "34"]
[EventDate "2023.01.23"]
[EventRounds "10"]
[EventCountry "BRA"]

1. Nf3 d5 2. c4 e6 3. g3 Nf6 4. Bg2 Be7 5. O-O O-O 6. d4 b6 7. Nc3 Bb7 8. Ne5
Nbd7 9. cxd5 exd5 10. Qb3 c6 11. e4 dxe4 12. Nxe4 Nxe4 13. Bxe4 Nxe5 14. dxe5
Qd4 15. Bc2 h6 16. Bf5 Rad8 17. Re1 Qb4 1/2-1/2

[Event "IX Floripa Chess Open Fort Atacadista"]
[Site "Florianópolis - Santa Catari"]
[Date "2023.01.28"]
[Round "9.81"]
[White "Pavao, Fabio Biasi"]
[Black "Cordeiro, Marco Aurelio Zaror"]
[Result "1/2-1/2"]
[WhiteElo "1799"]
[BlackElo "2099"]
[PlyCount "20"]
[EventDate "2023.01.23"]
[EventRounds "10"]
[EventCountry "BRA"]

1. c4 c5 2. g3 g6 3. Bg2 Bg7 4. Nf3 Nf6 5. O-O O-O 6. Nc3 Nc6 7. d3 d6 8. Bg5
Bg4 9. Qd2 Qd7 10. a3 a6 1/2-1/2

[Event "IX Floripa Chess Open Fort Atacadista"]
[Site "Florianópolis - Santa Catari"]
[Date "2023.01.28"]
[Round "9.82"]
[White "Panazzolo, Paulo Victor"]
[Black "Mariano, Marceley Martins"]
[Result "1-0"]
[WhiteElo "1788"]
[BlackElo "2089"]
[PlyCount "57"]
[EventDate "2023.01.23"]
[EventRounds "10"]
[EventCountry "BRA"]

1. Nf3 d5 2. g3 c5 3. c4 d4 4. b4 cxb4 5. a3 bxa3 6. Bxa3 Nc6 7. Bg2 g6 8. O-O
Bg7 9. d3 Nh6 10. Nbd2 O-O 11. Qa4 Re8 12. Rfb1 e5 13. Ne1 Qc7 14. Nc2 Bd7 15.
Ne4 Na5 16. Qb4 Bc6 17. Bc1 Bxe4 18. Bxe4 b6 19. Bxa8 Rxa8 20. c5 Bf8 21. Bxh6
Bxh6 22. cxb6 axb6 23. Ne1 Rc8 24. Qxb6 Qxb6 25. Rxb6 Nc6 26. Nf3 Ne7 27. Nxe5
Nd5 28. Rb7 f6 29. Nf3 1-0

[Event "IX Floripa Chess Open Fort Atacadista"]
[Site "Florianópolis - Santa Catari"]
[Date "2023.01.28"]
[Round "9.83"]
[White "Bezerra, Wiltemberg Barros"]
[Black "Dias, Anderson Tatsch"]
[Result "1/2-1/2"]
[WhiteElo "1786"]
[BlackElo "2087"]
[PlyCount "38"]
[EventDate "2023.01.23"]
[EventRounds "10"]
[EventCountry "BRA"]

1. Nf3 c5 2. d3 d5 3. g3 Nc6 4. Bg2 e5 5. O-O f6 6. Nbd2 Be6 7. e4 Nge7 8. Nb3
Nc8 9. Nh4 Nb6 10. a4 d4 11. f4 Qe7 12. a5 Nd7 13. a6 b5 14. Bd2 O-O-O 15. Na5
Kc7 16. c4 b4 17. Nxc6 Kxc6 18. Qa4+ Kc7 19. Qa5+ Nb6 1/2-1/2

[Event "IX Floripa Chess Open Fort Atacadista"]
[Site "Florianópolis - Santa Catari"]
[Date "2023.01.28"]
[Round "9.84"]
[White "Gadea, Fernando"]
[Black "Lutz, Igor Oscar"]
[Result "1-0"]
[WhiteElo "1768"]
[BlackElo "2022"]
[PlyCount "45"]
[EventDate "2023.01.23"]
[EventRounds "10"]
[EventCountry "BRA"]

1. d4 d5 2. Nc3 Nf6 3. Bf4 a6 4. e3 Bf5 5. f3 c5 6. g4 Bg6 7. h4 h6 8. Bd3 Bxd3
9. Qxd3 Nc6 10. Nge2 e6 11. O-O-O c4 12. Qd2 Bb4 13. g5 Nh5 14. e4 Nxf4 15.
Qxf4 Be7 16. Kb1 b5 17. exd5 exd5 18. Qf5 b4 19. Nxd5 c3 20. Nef4 hxg5 21. hxg5
Rxh1 22. Rxh1 g6 23. Nxg6 1-0

[Event "IX Floripa Chess Open Fort Atacadista"]
[Site "Florianópolis - Santa Catari"]
[Date "2023.01.28"]
[Round "9.85"]
[White "Sarda, Pedro Sada"]
[Black "Lima, Vinicius Taishun"]
[Result "0-1"]
[WhiteElo "1755"]
[BlackElo "1997"]
[PlyCount "63"]
[EventDate "2023.01.23"]
[EventRounds "10"]
[EventCountry "BRA"]

1. Nf3 c5 2. c4 Nc6 3. b3 g6 4. Bb2 Nf6 5. g3 Bg7 6. Bg2 O-O 7. O-O d6 8. Nc3
Ne4 9. Qc2 Nxc3 10. Bxc3 e5 11. d3 Be6 12. Qb2 h6 13. e3 f5 14. a3 Rb8 15. b4
b5 16. cxb5 Rxb5 17. a4 Rb8 18. b5 Ne7 19. Nd2 Nd5 20. Qa2 Nf4 21. Qc2 Ne2+ 22.
Kh1 Nxc3 23. Qxc3 e4 24. d4 cxd4 25. exd4 Qb6 26. Nb3 Kh7 27. Rad1 Rbc8 28. Qb4
Bxb3 29. Qxb3 Bxd4 30. a5 Qc5 31. b6 axb6 32. axb6 0-1

[Event "IX Floripa Chess Open Fort Atacadista"]
[Site "Florianópolis - Santa Catari"]
[Date "2023.01.28"]
[Round "9.86"]
[White "Miranda Fernandez, Marcos Manuel"]
[Black "Da Silva, Luiz Matheus"]
[Result "0-1"]
[WhiteElo "1759"]
[BlackElo "1986"]
[PlyCount "74"]
[EventDate "2023.01.23"]
[EventRounds "10"]
[EventCountry "BRA"]

1. e4 c5 2. Nf3 Nc6 3. d4 cxd4 4. Nxd4 g6 5. c4 Nf6 6. Nc3 d6 7. Be2 Nxd4 8.
Qxd4 Bg7 9. Be3 O-O 10. Qd1 Be6 11. O-O Qa5 12. Rc1 Rfc8 13. b3 a6 14. Bd4 b5
15. Nd5 Nxd5 16. exd5 Bd7 17. Bxg7 Kxg7 18. Qd4+ Kg8 19. Rfe1 Qxa2 20. Ra1 Qxb3
21. h3 Qb4 22. Reb1 Qc5 23. Qxc5 dxc5 24. cxb5 axb5 25. Rxa8 Rxa8 26. Bxb5 Rb8
27. Bd3 Rxb1+ 28. Bxb1 Kf8 29. Kf1 Bb5+ 30. Ke1 Ke8 31. Kd2 Kd7 32. Kc3 Kd6 33.
Be4 f5 34. Bf3 h6 35. h4 g5 36. hxg5 hxg5 37. g3 Ba6 0-1

[Event "IX Floripa Chess Open Fort Atacadista"]
[Site "Florianópolis - Santa Catari"]
[Date "2023.01.28"]
[Round "9.87"]
[White "Nascimento, Pedro Henrique Alve"]
[Black "Fischer Junior, Donaldo"]
[Result "1-0"]
[WhiteElo "1978"]
[BlackElo "1763"]
[PlyCount "112"]
[EventDate "2023.01.23"]
[EventRounds "10"]
[EventCountry "BRA"]

1. d4 d5 2. c4 e6 3. Nc3 Nc6 4. Nf3 Nf6 5. cxd5 exd5 6. Bg5 Be7 7. e3 a6 8. Bd3
h6 9. Bh4 O-O 10. h3 Be6 11. Rc1 Nh5 12. Bxe7 Nxe7 13. Bb1 f5 14. Ne5 Nf6 15.
O-O Ne4 16. Ne2 c6 17. b4 Qe8 18. Nf4 Bf7 19. Bd3 Nd6 20. a4 g5 21. Ne2 Ng6 22.
f4 Be6 23. Nc3 b5 24. Rb1 Nc4 25. Qe2 Kg7 26. Rf2 Ngxe5 27. dxe5 Qe7 28. Bxc4
bxc4 29. Qe1 Qa7 30. Rfb2 Rab8 31. Qf2 Rb7 32. Ne2 Re7 33. Nd4 Bd7 34. Kh2 Qc7
35. g3 Kg6 36. Qc2 Kg7 37. Qc3 Kg6 38. Rf2 h5 39. Qc2 g4 40. hxg4 hxg4 41. Rh1
Rh7+ 42. Kg1 Rxh1+ 43. Kxh1 Rh8+ 44. Kg1 Qc8 45. Rh2 Rxh2 46. Qxh2 Qd8 47. Qc2
Qf8 48. Qh2 Qe7 49. Qh8 Be6 50. Kf2 Bf7 51. Nxc6 Qe8 52. Qxe8 Bxe8 53. b5 axb5
54. axb5 Kf7 55. Nd4 Bd7 56. b6 Bc8 1-0

[Event "IX Floripa Chess Open Fort Atacadista"]
[Site "Florianópolis - Santa Catari"]
[Date "2023.01.28"]
[Round "9.88"]
[White "Dubrovich, Igor"]
[Black "Encina, Adrian Andres"]
[Result "1-0"]
[WhiteElo "1962"]
[BlackElo "1787"]
[PlyCount "101"]
[EventDate "2023.01.23"]
[EventRounds "10"]
[EventCountry "BRA"]

1. e4 e5 2. Nf3 Nc6 3. Bb5 a6 4. Ba4 Nf6 5. d3 Bc5 6. c3 d5 7. Nxe5 O-O 8. Bxc6
bxc6 9. O-O Qe8 10. d4 Nxe4 11. Nd2 Nxd2 12. Bxd2 Bd6 13. Re1 f6 14. Nd3 Qg6
15. Bf4 Bg4 16. f3 Bh3 17. Qd2 Bxg2 18. Qxg2 Qxd3 19. Bxd6 cxd6 20. Re7 Rf7 21.
Rae1 Kf8 22. R7e6 Rd7 23. Kh1 Kf7 24. R6e3 Qf5 25. Qe2 Raa7 26. Re8 g5 27. b4
Kg7 28. a4 h5 29. Qf2 Kf7 30. Qe3 h4 31. Kg2 Kg7 32. h3 Qc2+ 33. Re2 Qf5 34.
Qf2 Rf7 35. Qe1 Qf4 36. Rc8 Rac7 37. Ree8 Rxc8 38. Rxc8 Qf5 39. Rxc6 Qd7 40.
Rxa6 Re7 41. Qd2 Qe8 42. Qd3 Re2+ 43. Kf1 Re1+ 44. Kf2 Ra1 45. Ra7+ Kf8 46. Qe2
Qxe2+ 47. Kxe2 Rh1 48. b5 Rxh3 49. b6 Rh2+ 50. Ke3 Rb2 51. b7 1-0

[Event "IX Floripa Chess Open Fort Atacadista"]
[Site "Florianópolis - Santa Catari"]
[Date "2023.01.28"]
[Round "9.89"]
[White "Melo, Igor De Souza"]
[Black "Oliveira, Danyel Angelo Aquin"]
[Result "0-1"]
[WhiteElo "1749"]
[BlackElo "1954"]
[PlyCount "88"]
[EventDate "2023.01.23"]
[EventRounds "10"]
[EventCountry "BRA"]

1. e4 c5 2. Nf3 e6 3. d3 Nc6 4. g3 Nf6 5. Bg2 Be7 6. O-O d5 7. e5 Nd7 8. Re1
Qc7 9. Qe2 O-O 10. Bf4 b5 11. Nbd2 a5 12. h4 a4 13. Ng5 Nd4 14. Qd1 Bxg5 15.
hxg5 Bb7 16. c3 Nc6 17. Qh5 Rfc8 18. Nf3 Nf8 19. Nh2 Kh8 20. Ng4 Ng6 21. Kh2
Qd8 22. Rh1 Nce7 23. Bf3 Nf5 24. Kg2 Kg8 25. Qxh7+ Kf8 26. Ne3 Nge7 27. Rae1
Qc7 28. Ng4 Ng6 29. Ne3 Nfe7 30. d4 b4 31. Rd1 a3 32. b3 bxc3 33. dxc5 Qxc5 34.
Rc1 Qb6 35. Rhd1 d4 36. Nc4 Bxf3+ 37. Kxf3 Rxc4 38. bxc4 Qc6+ 39. Ke2 Qxc4+ 40.
Ke1 Nd5 41. Qh1 Rb8 42. Rc2 Ndxf4 43. gxf4 Nxf4 44. Qf3 d3 0-1

[Event "IX Floripa Chess Open Fort Atacadista"]
[Site "Florianópolis - Santa Catari"]
[Date "2023.01.28"]
[Round "9.90"]
[White "Carvalho Jr, Celestino"]
[Black "Hirano, Enzo Erich Kreutz"]
[Result "1-0"]
[WhiteElo "1953"]
[BlackElo "1741"]
[PlyCount "37"]
[EventDate "2023.01.23"]
[EventRounds "10"]
[EventCountry "BRA"]

1. c4 c5 2. Nc3 Nc6 3. d3 g6 4. Nf3 Bg7 5. g3 Nf6 6. e4 d6 7. Bg2 e5 8. O-O O-O
9. Bg5 h6 10. Be3 Be6 11. h3 Qd7 12. Qc1 Kh7 13. Nd5 Bxd5 14. cxd5 Nd4 15. Nd2
Ng8 16. g4 g5 17. a4 Qe7 18. Kh2 Rfb8 19. Nc4 1-0

[Event "IX Floripa Chess Open Fort Atacadista"]
[Site "Florianópolis - Santa Catari"]
[Date "2023.01.28"]
[Round "9.91"]
[White "Ferraz, Michel Liah"]
[Black "Flores, Clarice Soares Leit"]
[Result "1/2-1/2"]
[WhiteElo "1947"]
[BlackElo "1737"]
[PlyCount "37"]
[EventDate "2023.01.23"]
[EventRounds "10"]
[EventCountry "BRA"]

1. e4 c5 2. Nf3 e6 3. d4 cxd4 4. Nxd4 Nf6 5. Nc3 Nc6 6. Bg5 h6 7. Be3 Bb4 8.
Bd3 d5 9. O-O Bxc3 10. Nxc6 bxc6 11. bxc3 dxe4 12. Bc4 Qxd1 13. Raxd1 Nd5 14.
Bd4 O-O 15. Rde1 Bb7 16. Rxe4 g6 17. Be5 Rfd8 18. Rfe1 Nb6 19. Bd3 1/2-1/2

[Event "IX Floripa Chess Open Fort Atacadista"]
[Site "Florianópolis - Santa Catari"]
[Date "2023.01.28"]
[Round "9.92"]
[White "Pontes, Israel Fillip Da Si"]
[Black "Cordioli, Jairo Ribeiro"]
[Result "1-0"]
[WhiteElo "1947"]
[BlackElo "1735"]
[PlyCount "59"]
[EventDate "2023.01.23"]
[EventRounds "10"]
[EventCountry "BRA"]

1. e4 c5 2. Nf3 Nc6 3. d4 cxd4 4. Nxd4 d6 5. Nc3 Nf6 6. Be3 a6 7. Nb3 g6 8. f3
Bg7 9. Qd2 a5 10. Bb5 O-O 11. O-O-O Be6 12. h4 h5 13. Bh6 Ne5 14. Bxg7 Kxg7 15.
Qd4 Rc8 16. Kb1 Qc7 17. Rd2 Rfd8 18. Nd5 Bxd5 19. exd5 Kg8 20. a4 b6 21. Re1
Kf8 22. Rde2 Ng8 23. f4 Nd7 24. f5 Ne5 25. fxg6 fxg6 26. Qf4+ Kg7 27. Nd4 Kh8
28. Ne6 Qb7 29. Rxe5 dxe5 30. Qxe5+ 1-0

[Event "IX Floripa Chess Open Fort Atacadista"]
[Site "Florianópolis - Santa Catari"]
[Date "2023.01.28"]
[Round "9.93"]
[White "Fischer, Ivo Lucio"]
[Black "Sanchez, Ivan Roberto"]
[Result "1/2-1/2"]
[WhiteElo "1926"]
[BlackElo "1731"]
[PlyCount "79"]
[EventDate "2023.01.23"]
[EventRounds "10"]
[EventCountry "BRA"]

1. d4 Nf6 2. c4 e6 3. Nc3 Bb4 4. f3 d5 5. a3 Bxc3+ 6. bxc3 h6 7. cxd5 exd5 8.
e3 O-O 9. Bd3 Re8 10. Ne2 Nc6 11. O-O Ne7 12. Ng3 c5 13. Ra2 cxd4 14. exd4 Qc7
15. Bd2 Be6 16. Re1 Nc6 17. Bb1 Na5 18. Ne2 Nc4 19. Bf4 Qe7 20. Ng3 Nxa3 21.
Nf5 Qd7 22. Nxh6+ gxh6 23. Rxa3 Nh5 24. Bxh6 Kh8 25. Re5 f5 26. f4 Qf7 27. c4
Rg8 28. Rh3 Rg4 29. Rxe6 Qxe6 30. Rxh5 Qg6 31. Rh3 Rxg2+ 32. Kh1 Qg4 33. Qxg4
fxg4 34. Rh5 Rb2 35. Bg5+ Kg7 36. Rh7+ Kg8 37. Bg6 Rb6 38. f5 Rf8 39. Rh4 Rb4
40. Rxg4 1/2-1/2

[Event "IX Floripa Chess Open Fort Atacadista"]
[Site "Florianópolis - Santa Catari"]
[Date "2023.01.28"]
[Round "9.94"]
[White "Pereira, Marcelo Do Carmo"]
[Black "Rodriguez Farias, Eduardo"]
[Result "0-1"]
[WhiteElo "1733"]
[BlackElo "1919"]
[PlyCount "89"]
[EventDate "2023.01.23"]
[EventRounds "10"]
[EventCountry "BRA"]

1. e4 c5 2. Nf3 Nc6 3. d4 cxd4 4. Nxd4 Nf6 5. Nc3 e5 6. Ndb5 d6 7. Nd5 Nxd5 8.
exd5 Nb8 9. c4 Be7 10. Bd3 O-O 11. O-O a6 12. Nc3 f5 13. f3 Nd7 14. Be3 Bg5 15.
Qe2 Bxe3+ 16. Qxe3 Nc5 17. Kh1 a5 18. a3 a4 19. Bc2 Qh4 20. Qe2 Rf6 21. g3 Qh5
22. Rg1 Qh3 23. Nd1 Bd7 24. Nf2 Qh5 25. g4 fxg4 26. Nxg4 Rf4 27. Rg3 Raf8 28.
Rag1 Bxg4 29. Rxg4 Rxg4 30. fxg4 Qh4 31. Rg3 Qf6 32. Rg1 Qf3+ 33. Qxf3 Rxf3 34.
Kg2 Rf4 35. Rc1 Rxg4+ 36. Kh3 Rg5 37. Kh4 Rg2 38. Kh3 Rf2 39. Kg3 Rf4 40. Bd1
Rf1 41. Kg2 Re1 42. Rb1 e4 43. Kg3 g5 44. Bc2 Rxb1 45. Bxb1 0-1

[Event "IX Floripa Chess Open Fort Atacadista"]
[Site "Florianópolis - Santa Catari"]
[Date "2023.01.28"]
[Round "9.95"]
[White "Montiel Caceres, Helen"]
[Black "Feller, Gabriela Luisa Vice"]
[Result "0-1"]
[WhiteElo "1723"]
[BlackElo "1914"]
[PlyCount "72"]
[EventDate "2023.01.23"]
[EventRounds "10"]
[EventCountry "BRA"]

1. d4 Nf6 2. c4 e6 3. Nc3 Bb4 4. f3 d5 5. a3 Bxc3+ 6. bxc3 h6 7. cxd5 Nxd5 8.
e4 Nf6 9. Be3 O-O 10. Bc4 c5 11. dxc5 Qa5 12. Qb3 Na6 13. Bxa6 Qxa6 14. Ne2 Rd8
15. Kf2 Bd7 16. g4 Ba4 17. Qb4 Nd7 18. Rab1 Bc6 19. Bd4 Rab8 20. h4 b6 21. cxb6
Nxb6 22. Qc5 Nd7 23. Rxb8 Rxb8 24. Qxa7 Qd3 25. c4 Rb3 26. Be3 Rxa3 27. Qd4 Ne5
28. Rd1 Qb3 29. Nc1 Qc2+ 30. Rd2 Nxg4+ 31. fxg4 Qxc1 32. Rb2 Qh1 33. Kg3 Bxe4
34. Rf2 e5 35. Qc5 Qg1+ 36. Kh3 Qxf2 0-1

[Event "IX Floripa Chess Open Fort Atacadista"]
[Site "Florianópolis - Santa Catari"]
[Date "2023.01.28"]
[Round "9.96"]
[White "Colaco, Willian Wagner Soar"]
[Black "Andrade, Guilherme A. De Sou"]
[Result "0-1"]
[WhiteElo "1681"]
[BlackElo "1913"]
[PlyCount "29"]
[EventDate "2023.01.23"]
[EventRounds "10"]
[EventCountry "BRA"]

1. d4 Nf6 2. Nf3 d5 3. c3 c5 4. Bf4 Nc6 5. e3 Qb6 6. Qc1 Bf5 7. Nh4 Bg6 8. Nxg6
hxg6 9. Be2 Nh5 10. Bxh5 Rxh5 11. Nd2 e6 12. Nf3 Be7 13. Bg3 Bf6 14. Bd6 cxd4 (
14... Nxd4 15. Bxc5 Nxf3+ 16. gxf3 Qxc5) 15. Bc5 0-1

[Event "IX Floripa Chess Open Fort Atacadista"]
[Site "Florianópolis - Santa Catari"]
[Date "2023.01.28"]
[Round "9.97"]
[White "Freitas, Ronan Cunha"]
[Black "Rodrigues, Natanael Isau"]
[Result "1-0"]
[WhiteElo "1898"]
[BlackElo "1714"]
[PlyCount "63"]
[EventDate "2023.01.23"]
[EventRounds "10"]
[EventCountry "BRA"]

1. d4 Nf6 2. c4 c5 3. d5 b5 4. cxb5 a6 5. bxa6 Bxa6 6. Nc3 g6 7. e4 Bxf1 8.
Kxf1 d6 9. g3 Bg7 10. Nf3 O-O 11. Kg2 Qb6 12. h3 Nbd7 13. Re1 Rfb8 14. Re2 Ne8
15. Bg5 Qd8 16. Qc1 Nc7 17. a4 Na6 18. h4 Nb4 19. Qd1 h6 20. Be3 Na6 21. Qd2
Kh7 22. Rh1 Qa5 23. h5 g5 24. Bxg5 Bxc3 25. bxc3 hxg5 26. Qxg5 Nf6 27. Qf5+ Kh8
28. e5 dxe5 29. Nxe5 Rg8 30. h6 Rgf8 31. h7 Kg7 32. Qg5+ 1-0

[Event "IX Floripa Chess Open Fort Atacadista"]
[Site "Florianópolis - Santa Catari"]
[Date "2023.01.28"]
[Round "9.98"]
[White "Goncalves, Davi Augusto"]
[Black "Passos, Rafael Moreira"]
[Result "1/2-1/2"]
[WhiteElo "1667"]
[BlackElo "1891"]
[PlyCount "52"]
[EventDate "2023.01.23"]
[EventRounds "10"]
[EventCountry "BRA"]

1. d4 Nf6 2. c4 e6 3. Nf3 d5 4. g3 c5 5. e3 Nc6 6. Bg2 Be7 7. O-O O-O 8. b3
dxc4 9. bxc4 cxd4 10. exd4 Qa5 11. Qe2 Rd8 12. Be3 Bd7 13. Nbd2 Qa6 14. Rfe1
Rac8 15. Nb3 Be8 16. Bf1 b6 17. h3 Qb7 18. Bg2 Qc7 19. g4 Bb4 20. Rec1 Ba3 21.
Re1 Ne7 22. Ne5 Ng6 23. f4 Bb4 24. Rec1 Ba3 25. Re1 Bb4 26. Rec1 Ba3 1/2-1/2

[Event "IX Floripa Chess Open Fort Atacadista"]
[Site "Florianópolis - Santa Catari"]
[Date "2023.01.28"]
[Round "9.99"]
[White "Gomes, Maria Eduarda Papin"]
[Black "Marques, Eudes Pinto"]
[Result "1/2-1/2"]
[WhiteElo "1664"]
[BlackElo "1882"]
[PlyCount "55"]
[EventDate "2023.01.23"]
[EventRounds "10"]
[EventCountry "BRA"]

1. d4 Nf6 2. c4 e6 3. Nc3 d5 4. cxd5 exd5 5. Bg5 Be7 6. e3 c6 7. Bd3 Nbd7 8.
Qc2 Nf8 9. Nge2 Ng6 10. Rb1 Nd7 11. Bxe7 Qxe7 12. b4 O-O 13. O-O Nf6 14. Na4
Ne4 15. Nc5 Nd6 16. a4 b5 17. axb5 Nxb5 18. Bxb5 Bf5 19. Bd3 Bxd3 20. Qxd3 Rfb8
21. Nc3 Qg5 22. Nd7 Nh4 23. g3 Nf3+ 24. Kg2 Nh4+ 25. Kg1 Nf3+ 26. Kg2 Nh4+ 27.
Kg1 Nf3+ 28. Kg2 1/2-1/2

[Event "IX Floripa Chess Open Fort Atacadista"]
[Site "Florianópolis - Santa Catari"]
[Date "2023.01.28"]
[Round "9.100"]
[White "Souza, Atahander"]
[Black "Silverio, Vitor Luis De Jesus"]
[Result "0-1"]
[WhiteElo "1882"]
[BlackElo "1682"]
[PlyCount "69"]
[EventDate "2023.01.23"]
[EventRounds "10"]
[EventCountry "BRA"]

1. b3 e5 2. e3 d5 3. Bb2 Nc6 4. Bb5 Bd6 5. f4 Qe7 6. Nf3 Bg4 7. h3 Bxf3 8. Qxf3
Nf6 9. Bxc6+ bxc6 10. Qg3 d4 11. O-O O-O 12. exd4 exf4 13. Qf3 Qd7 14. Nc3 Rfe8
15. Rae1 Rxe1 16. Rxe1 Re8 17. Re2 Rxe2 18. Nxe2 Qe6 19. c4 Ne4 20. c5 Ng5 21.
Qg4 Qxg4 22. hxg4 Be7 23. Nxf4 Ne6 24. Ne2 Bg5 25. Bc3 h6 26. Kf2 Kh7 27. Kf3
Kg6 28. b4 Bf6 29. d3 Kg5 30. Bd2+ Kg6 31. Be3 Bg5 32. Bf2 Bf6 33. a4 a6 34.
Nf4+ Nxf4 35. Kxf4 0-1

[Event "IX Floripa Chess Open Fort Atacadista"]
[Site "Florianópolis - Santa Catari"]
[Date "2023.01.28"]
[Round "9.101"]
[White "Luz, Christian Oliveira"]
[Black "Martins De Aguiar, Marina"]
[Result "0-1"]
[WhiteElo "1594"]
[BlackElo "1873"]
[PlyCount "98"]
[EventDate "2023.01.23"]
[EventRounds "10"]
[EventCountry "BRA"]

1. d4 Nf6 2. c4 g6 3. Nc3 Bg7 4. Bg5 d6 5. e3 Nbd7 6. Nf3 O-O 7. Be2 e5 8. Qc2
Re8 9. Nd2 Nf8 10. d5 a5 11. O-O N8d7 12. a3 b6 13. b4 Bb7 14. e4 h6 15. Be3
Nh7 16. Bd3 Rf8 17. Kh1 Nhf6 18. f3 Nh5 19. g3 Qc8 20. Rac1 axb4 21. axb4 Ndf6
22. Rb1 Qh3 23. Rg1 Nh7 24. Bf2 Ng5 25. Qd1 Qd7 26. Rf1 Ra3 27. Rb3 Rfa8 28.
Rxa3 Rxa3 29. Ndb1 Ra1 30. Nb5 Ra8 31. N5c3 Nh3 32. Be3 Ng5 33. Bf2 Bf6 34. Be3
Qh3 35. Rg1 Qd7 36. Rf1 Ra1 37. Nb5 Ra2 38. Nd2 Bc8 39. Nc3 Ra3 40. Ndb1 Ra1
41. Nb5 Ra2 42. Nd2 Kg7 43. Rg1 Nh3 44. Rf1 Bg5 45. Bxg5 hxg5 46. Nc3 Ra8 47.
Qe2 Bb7 48. b5 Rh8 49. Bc2 Nxg3+ 0-1

[Event "IX Floripa Chess Open Fort Atacadista"]
[Site "Florianópolis - Santa Catari"]
[Date "2023.01.28"]
[Round "9.102"]
[White "Valcarcel, Victor Ignacio Dos "]
[Black "Goetten Wagner, Julia"]
[Result "0-1"]
[WhiteElo "1873"]
[BlackElo "1631"]
[PlyCount "78"]
[EventDate "2023.01.23"]
[EventRounds "10"]
[EventCountry "BRA"]

1. e4 c5 2. Nf3 e6 3. c3 Nf6 4. Qc2 d6 5. Be2 Nc6 6. O-O Be7 7. d4 cxd4 8. Nxd4
O-O 9. Be3 a6 10. Nd2 Qc7 11. Rac1 d5 12. Bf3 Ne5 13. exd5 Nxf3+ 14. N2xf3 Nxd5
15. Ng5 Nf6 16. h3 h6 17. Ngf3 b6 18. Qd2 e5 19. Ne2 Ne4 20. Qd5 Bb7 21. Qxe5
Bd6 22. Qh5 Nf6 23. Qh4 Nd5 24. Bd4 Nf4 25. Nxf4 Bxf4 26. Rce1 Rae8 27. Qg4 f5
28. Qg6 Re4 29. Nh4 Bh2+ 30. Kh1 Rxh4 31. Bxb6 Rxh3 32. f3 Bg1+ 33. Kxg1 Qh2+
34. Kf2 Rxf3+ 35. Ke2 Qe5+ 36. Kd1 Rd3+ 37. Kc1 Be4 38. Bd4 Rxd4 39. cxd4 Rc8+
0-1